| 000 | 00575nam a2200157 a 4500 | ||
|---|---|---|---|
| 001 | 000039654 | ||
| 005 | 20201002033649.0 | ||
| 008 | 130715s2003 xxua 000 0 spa d | ||
| 040 |
_aDO-SdBNP _bspa _cBNPHU |
||
| 100 | 1 |
_aHanson, Neil _965844 |
|
| 245 | 1 | 0 |
_aThe confident hope of a miracle : _bthe true history of the spanish armada / _cNeil Hanson. |
| 260 |
_aNew York : _bAlfred A. Knopf, _c2003. |
||
| 300 |
_a489 : _bils. ; _c25 cm. |
||
| 500 | _aIncluye datos biográficos del autor en la solapa de la contracubierta | ||
| 500 | _aIncluye notas y referencias bibliográficas | ||
| 999 |
_c39144 _d39144 |
||